- Ballesteros Usano, Antonio
Entry Nombre Personal
001 - NUMERO DE CONTROL
- campo de control: 34099
003 - IDENTIFICADOR DE NUMERO DE CONTROL
- campo de control: DLC
005 - FECHA Y HORA DE LA ÜLTIMA TRANSACCIÓN
- campo de control: 20221027092719.0
008 - DATOS DE LONGITUD FIJA
- campo de control de longitud fija: 110627n| acannaabn || aaa c
010 ## - NÚMERO DE CONTROL DE LA BIBLIOTECA DEL CONGRESO
- Número de control LC: no2011099087
035 ## - NUMERO DE CONTROL
- Número de control: (OCoLC)oca08898237
040 ## - FUENTE DE CATALOGACIÓN
- Agencia original de catalogación: MX-SnUAN
- Lenguaje de catalogación: spa
- Agencia de transcripción: MX-SnUAN
- Agencia que lo modifica: MX-MxUPN
046 ## - FECHAS CON CODIFICACIÓN ESPECIAL
- Fecha de nacimiento: 1895
- Fecha de muerte: 1974
100 1# - ENCABEZAMIENTO - NOMBRE PERSONAL
- Nombre personal: Ballesteros Usano, Antonio
370 ## - LUGAR ASOCIADO
- Place of birth: España
- Place of death: Ciudad de México
- Associated country: México
372 ## - CAMPO DE ACTIVIDAD
- Field of activity: Educación
374 ## - OCUPACIÓN
- Occupation: Profesor
377 ## - LENGUA ASOCIADA
- Language code: spa
670 ## - FUENTE EN LA QUE SE LOCALIZARON DATOS
- Cita de la fuente: La adolescencia, 1970:
- Información localizada: portada (Antonio Ballesteros Usano)
670 ## - FUENTE EN LA QUE SE LOCALIZARON DATOS
- Cita de la fuente: La escuela graduada, 1932:
- Información localizada: portada (Antonio Ballesteros; inspector de primera enseñanza)
670 ## - FUENTE EN LA QUE SE LOCALIZARON DATOS
- Cita de la fuente: Biblio web UNAM, 27 octubre 2022:
- Información localizada: (Ballesteros Usano, Antonio; nació el 11 de abril de 1895 en Córdoba, España, murió en la ciudad de México en 197, llegó a México en 1939; fundador y codirector de la revista Educación y Cultura, colaborador de Romance y profesor de las Escuelas Normales Superior para varones de Pachuca; publicó las siguientes obras: Distribución del tiempo y del trabajo, La cooperación en la escuela primaria: El método Decroly, La preparación del trabajo escolar, Organización escolar, Conocimiento de la adolescencia, Educación de la adolescencia, Los problemas de la educación de los adultos e historia general de la educación)
- Uniform Resource Identifier: http://biblioweb.tic.unam.mx/diccionario/htm/biografias/bio_b/ballasteros.htm
902 ## - CATALOGADOR
- Catalogador: Víctor Ruiz/271022
